| 000 | 00755nam a22001937a 4500 | ||
|---|---|---|---|
| 003 | 0 | ||
| 005 | 20250215144341.0 | ||
| 008 | 250215b xxu||||| |||| 00| 0 eng d | ||
| 050 |
_aG 155.A1 _b.Sa23 2023 |
||
| 100 | _aSabanal, Cristian Ryan O. | ||
| 245 |
_aThe effectiveness of virtual reality in promoting ecotourism in the philippines. _cCristian Ryan O. Sabanal |
||
| 260 |
_aLas Pinas City _bSouthville International School and Colleges _c2023 |
||
| 300 |
_avii, 102 pages; _c28cm. |
||
| 500 | _aBachelor of Science in Tourism. | ||
| 504 | _aIncludes bibliographical references and appendices. | ||
| 650 | _aVirtual reality – Applications in tourism – Philippines. | ||
| 650 | _aEcotourism – Promotion – Philippines. | ||
| 942 |
_2lcc _cTH |
||
| 999 |
_c367237 _d367237 |
||